The Basic idea : an introduction to computer programming /

Saved in:
Bibliographic Details
Main Author: Forsyth, Richard S.
Format: Book
Language:English
Published: London : New York : Chapman and Hall ; Wiley, 1978.
Subjects:
LEADER 01084cam a2200301 a 4500
001 c000217105
003 CARM
005 20031003205243.0
008 771205s1978 enka 001 0 eng
010 |a 77018533 
019 1 |a 1072871  |z 23879388  |5 LACONCORD2021 
020 |a 0470993979 (wiley) 
035 |a (OCoLC)3516595  |5 LACONCORD2021 
040 |a LC  |b eng  |c LC  |d ABN-SNR 
050 0 0 |a QA76.73.B3  |b F67 
050 1 4 |a QA76.73  |b .B3 F67 
082 0 4 |a 001.6/424 
082 0 4 |a 001.6/424 
100 1 |a Forsyth, Richard S. 
245 1 4 |a The Basic idea :  |b an introduction to computer programming /  |c Richard Forsyth. 
260 |a London :  |b Chapman and Hall ;  |a New York :  |b Wiley,  |c 1978. 
300 |a vi, 154, p. :  |b ill. ;  |c 22 cm. 
500 |a "A Halsted Press Book." 
500 |a Includes index. 
650 0 |a BASIC (Computer program language) 
852 8 |b CARM  |h A2:AK04A0  |i B06028  |p 0271801  |f BK 
999 f f |i f6025a25-e039-5829-a592-f3522c270775  |s 2ac700dc-754f-58bc-961e-e36bfe45d1e2 
952 f f |p Can circulate  |a CAVAL  |b CAVAL  |c CAVAL  |d CARM 1 Store  |e B06028  |f A2:AK04A0  |h Other scheme  |i book  |m 0271801